| 000 | 00639nam a2200157 a 4500 | ||
|---|---|---|---|
| 005 | 20140414132117.0 | ||
| 008 | 111026s19uu xx 00 eng d | ||
| 020 | _a9780545237581 | ||
| 050 |
_aM 590 _bB41 2010 |
||
| 100 | _aBerger, Melvin. | ||
| 245 |
_a101 freaky animals / _cby Melvin & Gilda Berger. |
||
| 260 |
_aNew York, NY : _bScholastic, _cc2010. |
||
| 520 | _aPresents over one hundred interesting facts about animals from around the world, including armadillos, cuttlefish, giant clams, sharks, scorpions, and meerkats. -- Source other than Library of Congress. | ||
| 650 |
_aAnimals -- _xJuvenile literature. |
||
| 999 |
_c114948 _d114948 |
||